Construction and Maintainance of sports Facilities/ (Record no. 116353)
[ view plain ]
| 000 -LEADER | |
|---|---|
| fixed length control field | 00357cam a2200133 4500 |
| 008 - FIXED-LENGTH DATA ELEMENTS--GENERAL INFORMATION | |
| fixed length control field | 110224n 000 0 eng u |
| 035 ## - SYSTEM CONTROL NUMBER | |
| System control number | (Sirsi) a172587 |
| 040 ## - CATALOGING SOURCE | |
| Original cataloging agency | CIP |
| 050 ## - LIBRARY OF CONGRESS CALL NUMBER | |
| Classification number | GV 411 EHR |
| 100 ## - MAIN ENTRY--PERSONAL NAME | |
| Personal name | Ehrler, W |
| 245 ## - TITLE STATEMENT | |
| Title | Construction and Maintainance of sports Facilities/ |
| Statement of responsibility, etc. | W. Ehrler |
| 260 ## - PUBLICATION, DISTRIBUTION, ETC. | |
| Place of publication, distribution, etc. | Germany: |
| Name of publisher, distributor, etc. | Leipzig, |
| Date of publication, distribution, etc. | 1965 |
| 300 ## - PHYSICAL DESCRIPTION | |
| Extent | 152p. |
No items available.